Sports Quiz

Random Sports Quiz

2016 Week 10 AP Top 25 Quiz Stats

 Plays Quiz not verified by Sporcle

Also try: World Cup Hosts
Challenge
Share
Tweet
Embed
Score 0/25 Timer 10:00
0 Plays Today
Hint Answer % Correct
1Kansas
100%
5North Carolina
100%
9Duke
100%
14Kentucky
95%
15Texas A&M
90%
2Oklahoma
85%
7Xavier
85%
18Arizona
85%
4Michigan State
80%
6Villanova
80%
13Virginia
80%
16Iowa
80%
22Baylor
80%
Hint Answer % Correct
23Butler
80%
3Maryland
75%
8Miami
75%
24Purdue
75%
17Iowa State
70%
21Louisville
70%
11West Virginia
65%
12Providence
65%
10SMU
60%
25Gonzaga
60%
20Pittsburgh
50%
19South Carolina
40%

You're not logged in!

Compare scores with friends on all Sporcle quizzes.
Join for Free
OR
Log In

You Might Also Like...

Show Comments

Extras

Created Jan 26, 2016ReportNominate
Tags:Top 25, week

Top Quizzes Today


Score Distribution

Your Account Isn't Verified!

In order to create a playlist on Sporcle, you need to verify the email address you used during registration. Go to your Sporcle Settings to finish the process.

Report this User

Report this user for behavior that violates our Community Guidelines.

Details: